000 01066nam a2200229 a 4500
001 BRCA_8730
005 20190320210401.0
008 170217s1794----sp-#######---#000-0#spa-#
041 _aspa
044 _asp
084 _aBE84
_b.S23 1794
100 1 _aScaramell, Juan Bautista
_d1687 - 1752
_921732
245 1 0 _aDirectorio ascético
_ben que se enseña el modo de conducir las almas por el camino ordinario de la gracias a la perfección christiana: dirigido a los directores de las almas
_cobras del Padre Juan Bautista Scaramelli de la Compañía de Jesús: idioma castellano por un padre de la misma compañía y dado a luz por Don Pedro Bonet, Agente de negocios de los Reales Consejos.
260 _aMadrid
_bEn la Imprenta de Ramon Ruiz
_c1794
300 _a[1], 539 p. (t.2), 2a imp.
_c21.5 x 15 cm.
500 _aEstado físico: presenta lomo semi desprendido y presencia del pez de plata
650 1 4 _aAscetismo
_xIglesia católica
_921733
650 1 4 _aVida espiritual
_921734
700 1 _aBonet, Pedro
_eed.
_921735
902 _aCFM
942 _2lcc
_cB
999 _c8382
_d8382